<?xml version="1.0" encoding="UTF-8"?><?xml-stylesheet type="text/xsl" href="static/style.xsl"?><OAI-PMH xmlns="http://www.openarchives.org/OAI/2.0/" xmlns:xsi="http://www.w3.org/2001/XMLSchema-instance" xsi:schemaLocation="http://www.openarchives.org/OAI/2.0/ http://www.openarchives.org/OAI/2.0/OAI-PMH.xsd"><responseDate>2026-04-17T04:21:19Z</responseDate><request verb="GetRecord" identifier="oai:www.recercat.cat:2072/466039" metadataPrefix="marc">https://recercat.cat/oai/request</request><GetRecord><record><header><identifier>oai:recercat.cat:2072/466039</identifier><datestamp>2025-04-03T08:47:32Z</datestamp><setSpec>com_2072_98</setSpec><setSpec>col_2072_378192</setSpec></header><metadata><record xmlns="http://www.loc.gov/MARC21/slim" xmlns:dcterms="http://purl.org/dc/terms/" xmlns:xsi="http://www.w3.org/2001/XMLSchema-instance" xmlns:doc="http://www.lyncode.com/xoai" xsi:schemaLocation="http://www.loc.gov/MARC21/slim http://www.loc.gov/standards/marcxml/schema/MARC21slim.xsd">
   <leader>00925njm 22002777a 4500</leader>
   <datafield ind2=" " ind1=" " tag="042">
      <subfield code="a">dc</subfield>
   </datafield>
   <datafield ind2=" " ind1=" " tag="720">
      <subfield code="a">Ramírez Nárdiz, Alfredo</subfield>
      <subfield code="e">author</subfield>
   </datafield>
   <datafield ind2=" " ind1=" " tag="260">
      <subfield code="c">2021</subfield>
   </datafield>
   <datafield ind2=" " ind1=" " tag="520">
      <subfield code="a">En estas líneas se propone una definición y evaluación de la influencia de la estupidez en la política. Se parte de la obra Las leyes fundamentales de la estupidez humanade Cipolla y, desde dos casos, el referéndum británico de 2016 y el proceso independentista catalán de 2017, se analiza la estupidez como elemento digno de ser tenido en cuenta a la hora de valorar las decisiones tomadas por gobernantes y ciudadanos. Se exponen las acciones y los efectos de los dos procesos políticos citados para, desde ellos, definir la estupidez política y al estúpido político y saber si sus protagonistas son estúpidos desde las categorías de Cipolla. Asumiendo las limitaciones que implica el animus iocandi de la obra de Cipolla, este texto se sirve de ella al considerarla útil y original al caracterizar la estupidez no como un concepto de valoración subjetiva, sino objetivable en función del criterio de beneficios y perjuicios. Se concluye que la estupidez debe tenerse en cuenta como un elemento relevante al elaborar juicios sobre las decisiones de los actores políticos.</subfield>
   </datafield>
   <datafield ind2=" " ind1=" " tag="520">
      <subfield code="a">These lines propose a definition and evaluation of the influence of stupidity in politics. It is started from the paper The basic laws of human stupidity of Cipolla and, on two cases, the British referendum of 2016 and the independence process of Catalonia of 2017, it is analysed the stupidity as relevant element to be considered when valuing decisions taken by rulers and peoples. In this paper are exposed the actions and effects of both political processes named to, from them, define the political stupidity and the political stupid and to know if their main characters are stupid from Cipolla's categories. Assuming the limitations implied by the animus iocandi of Cipolla's work, this text uses it when considering it useful and original in characterizing stupidity not as a concept of subjective assessment, but objectifiable based on the criteria of benefits and damages. It is concluded that stupidity must be valued as a relevant element when making judgments on the decisions of political actors.</subfield>
   </datafield>
   <datafield tag="653" ind2=" " ind1=" ">
      <subfield code="a">Derecho constitucional</subfield>
   </datafield>
   <datafield tag="653" ind2=" " ind1=" ">
      <subfield code="a">Populismo</subfield>
   </datafield>
   <datafield tag="653" ind2=" " ind1=" ">
      <subfield code="a">Democracia participativa</subfield>
   </datafield>
   <datafield tag="653" ind2=" " ind1=" ">
      <subfield code="a">Estupidez</subfield>
   </datafield>
   <datafield tag="653" ind2=" " ind1=" ">
      <subfield code="a">Reino Unido</subfield>
   </datafield>
   <datafield tag="653" ind2=" " ind1=" ">
      <subfield code="a">Cataluña</subfield>
   </datafield>
   <datafield tag="653" ind2=" " ind1=" ">
      <subfield code="a">Stupidity</subfield>
   </datafield>
   <datafield tag="653" ind2=" " ind1=" ">
      <subfield code="a">Politics</subfield>
   </datafield>
   <datafield tag="653" ind2=" " ind1=" ">
      <subfield code="a">United Kingdom</subfield>
   </datafield>
   <datafield tag="653" ind2=" " ind1=" ">
      <subfield code="a">Catalonia</subfield>
   </datafield>
   <datafield tag="653" ind2=" " ind1=" ">
      <subfield code="a">Cipolla</subfield>
   </datafield>
   <datafield tag="653" ind2=" " ind1=" ">
      <subfield code="a">ODS 16: Paz, justicia e instituciones sólidas</subfield>
   </datafield>
   <datafield ind2="0" ind1="0" tag="245">
      <subfield code="a">Análisis del rol de la estupidez en la política desde el pensamiento de Cipolla. Los casos británico y catalán</subfield>
   </datafield>
</record></metadata></record></GetRecord></OAI-PMH>